000 00310nam a22001217a 4500
008 180519b xxu||||| |||| 00| 0 eng d
041 _aeng
080 _a043.3
100 _a0
101 _aMBE-BA
245 _aMenaxhimi Strategjik ne Ndermarrjet e vogla dhe te mesme ne Kosove
_cMakolli, R
942 _2udc
_cBK
999 _c46051
_d46051